|
|
|
|
| LEADER |
02326nam a2200673 i 4500 |
| 001 |
nkc20213325241 |
| 003 |
CZ PrNK |
| 005 |
20210726152048.0 |
| 007 |
ta |
| 008 |
210521t20212021xr e 001 0 cze |
| 015 |
|
|
|a cnb003325241
|
| 020 |
|
|
|a 978-80-87587-86-7
|q (brožováno)
|
| 035 |
|
|
|a (OCoLC)1263281177
|
| 040 |
|
|
|a OLA001
|b cze
|e rda
|
| 041 |
1 |
|
|a cze
|h eng
|
| 072 |
|
7 |
|a 271/279
|x Křesťanské církve, sekty, denominace
|2 Konspekt
|9 5
|
| 080 |
|
|
|a 27-766
|2 MRF
|
| 080 |
|
|
|a 274/278-774
|2 MRF
|
| 080 |
|
|
|a 279.123
|2 MRF
|
| 080 |
|
|
|a 27-4-5
|2 MRF
|
| 080 |
|
|
|a 27-4
|2 MRF
|
| 080 |
|
|
|a 27-46
|2 MRF
|
| 080 |
|
|
|a 2-231
|2 MRF
|
| 080 |
|
|
|a (049)
|2 MRF
|
| 100 |
1 |
|
|a Stiles, J. Mack,
|d 1956-
|7 ola20211118854
|4 aut
|
| 240 |
1 |
0 |
|a Evangelism.
|l Česky
|
| 245 |
1 |
0 |
|a Evangelizace :
|b když celá církev mluví o Ježíši /
|c J. Mack Stiles ; překlad: Jana Kopová
|
| 250 |
|
|
|a První vydání
|
| 264 |
|
1 |
|a Kroměříž :
|b Didasko,
|c [2021]
|
| 264 |
|
4 |
|c ©2021
|
| 300 |
|
|
|a 141 stran ;
|c 18 cm
|
| 336 |
|
|
|a text
|b txt
|2 rdacontent
|
| 337 |
|
|
|a bez média
|b n
|2 rdamedia
|
| 338 |
|
|
|a svazek
|b nc
|2 rdacarrier
|
| 500 |
|
|
|a Přeloženo z angličtiny
|
| 500 |
|
|
|a Na obálce nad názvem: IX 9Marks budování zdravých sborů
|
| 504 |
|
|
|a Obsahuje bibliografické odkazy a rejstřík
|
| 650 |
0 |
7 |
|a evangelizace
|7 ph120046
|2 czenas
|
| 650 |
0 |
7 |
|a evangelické sbory
|7 ph120044
|2 czenas
|
| 650 |
0 |
7 |
|a evangelikální hnutí
|7 ph114504
|2 czenas
|
| 650 |
0 |
7 |
|a učednictví (křesťanský život)
|7 ph506472
|2 czenas
|
| 650 |
0 |
7 |
|a církevní život
|7 ph119306
|2 czenas
|
| 650 |
0 |
7 |
|a služby v církvi
|7 ph119301
|2 czenas
|
| 650 |
0 |
7 |
|a biblické citáty
|7 ph118853
|2 czenas
|
| 650 |
0 |
9 |
|a evangelistic work
|2 eczenas
|
| 650 |
0 |
9 |
|a Evangelical congregations
|2 eczenas
|
| 650 |
0 |
9 |
|a Evangelical movements
|2 eczenas
|
| 650 |
0 |
9 |
|a discipleship
|2 eczenas
|
| 650 |
0 |
9 |
|a church life
|2 eczenas
|
| 650 |
0 |
9 |
|a church‘s ministries
|2 eczenas
|
| 650 |
0 |
9 |
|a Biblical quotations
|2 eczenas
|
| 655 |
|
7 |
|a pojednání
|7 fd133056
|2 czenas
|
| 655 |
|
9 |
|a essays
|2 eczenas
|
| 700 |
1 |
|
|a Kopová, Jana
|7 jx20080707020
|4 trl
|
| 910 |
2 |
|
|a BOA001
|b 1-1470.036
|
| 990 |
|
|
|a BK
|
| 995 |
|
|
|a 01
|
| 991 |
|
|
|b 202107
|c NOV
|
| 996 |
6 |
|
|b 2610870981
|c 1-1470.036
|l MZK
|r Sklad / do 1 hodiny
|n 1
|p p.v.
|w 001856474
|u 000010
|a 1
|e BOA001
|j MZK50
|s P
|